| 000 | 01300cam a22003494a 4500 | ||
|---|---|---|---|
| 001 | 14934829 | ||
| 003 | OSt | ||
| 005 | 20260119133132.0 | ||
| 008 | 070719s2008 nyua 000 0 eng | ||
| 010 | _a 2007029850 | ||
| 020 | _a9781596670679 | ||
| 035 | _a14934829 | ||
| 040 |
_aDLC _cDLC _dDLC |
||
| 050 | 1 | 0 |
_aLB1576 _b.D23727 2008 |
| 082 | 0 | 0 |
_a372.6 _222 |
| 100 | 1 | _aDavis, Hilarie. | |
| 245 | 1 | 0 |
_aBuilding a culture of literacy month-by-month / _cHilarie B. Davis ; illustrations by Larry Ross. |
| 260 |
_aLarchmont, NY : _bEye on Education, _cc2008. |
||
| 300 |
_a211 p. : _bill. ; _c26 cm. |
||
| 336 |
_atext _btxt _2rdacontent |
||
| 337 |
_aunmediated _bn _2rdamedia |
||
| 338 |
_avolume _bnc _2rdacarrier |
||
| 650 | 0 |
_aEnglish language _xStudy and teaching _xActivity programs. |
|
| 650 | 0 | _aCalendar. | |
| 700 | 1 |
_aRoss, Larry, _d1943- |
|
| 856 | 4 | 1 |
_3Table of contents only _uhttp://www.loc.gov/catdir/toc/fy0803/2007029850.html |
| 856 | 4 | 2 |
_3Publisher description _uhttp://www.loc.gov/catdir/enhancements/fy1007/2007029850-d.html |
| 906 |
_a7 _bcbc _corignew _d1 _eecip _f20 _gy-gencatlg |
||
| 942 |
_2lcc _cBK |
||
| 999 |
_c265699 _d265698 |
||